000 00573nam a22001817a 4500
999 _c159162
_d159162
005 20181206154051.0
010 _aB-029857
020 _a8173411808
_c395.00
035 _aB-029857
037 _bIndian Publishers Distributors
082 _a370.7
245 _aNew researches in sociology of education/
_cedited by S.P. Ruhela
260 _aNew Delhi
_bIndian Publishers Distributors
_c2001
300 _a234p.
_c24cm(Pbk.)
700 _aRuhela, S.P.
942 _2ddc
_cEN
_h370.7
_mNEW